Microelectronic Circuits : (Record no. 5094)
[ view plain ]
| 000 -LEADER | |
|---|---|
| fixed length control field | 00793nam a22002297a 4500 |
| 003 - CONTROL NUMBER IDENTIFIER | |
| control field | BUBTL |
| 008 - FIXED-LENGTH DATA ELEMENTS--GENERAL INFORMATION | |
| fixed length control field | 160118b xxu||||| |||| 00| 0 eng d |
| 020 ## - INTERNATIONAL STANDARD BOOK NUMBER | |
| International Standard Book Number | 9788131516836 |
| 082 ## - DEWEY DECIMAL CLASSIFICATION NUMBER | |
| Edition number | 2nd |
| Classification number | 621.318/ R1836m/ 2011 |
| 100 ## - MAIN ENTRY--PERSONAL NAME | |
| 9 (RLIN) | 798 |
| Personal name | Rashid, Muhammad H. |
| 245 ## - TITLE STATEMENT | |
| Title | Microelectronic Circuits : |
| Remainder of title | Analysis and Design / |
| Statement of responsibility, etc. | Muhammad H. Rashid |
| 250 ## - EDITION STATEMENT | |
| Edition statement | 2nd Edn. |
| 260 ## - PUBLICATION, DISTRIBUTION, ETC. (IMPRINT) | |
| Place of publication, distribution, etc. | Andover: |
| Name of publisher, distributor, etc. | Cengage Learning, |
| Date of publication, distribution, etc. | c2011 |
| 300 ## - PHYSICAL DESCRIPTION | |
| Extent | xi, 1283 p.: |
| Other physical details | ill.; |
| Dimensions | 25 cm. |
| 500 ## - GENERAL NOTE | |
| General note | Includes Index |
| 505 ## - FORMATTED CONTENTS NOTE | |
| Formatted contents note | Microelectronic Circuits,Analysis and Design, Analysis,Design, Muhammad H. Rashid, Microelectronic |
| 650 #0 - SUBJECT ADDED ENTRY--TOPICAL TERM | |
| 9 (RLIN) | 4295 |
| Topical term or geographic name as entry element | Electrical and Electronic Engineering |
| 760 ## - MAIN SERIES ENTRY | |
| Edition | 2nd |
| 856 ## - ELECTRONIC LOCATION AND ACCESS | |
| Password | 0 |
| Logon | 0 |
| Link text | Download |
| 942 ## - ADDED ENTRY ELEMENTS (KOHA) | |
| Source of classification or shelving scheme | |
| Koha item type | Books |
| Withdrawn status | Lost status | Source of classification or shelving scheme | Damaged status | Not for loan | Collection code | Permanent location | Current location | Shelving location | Date acquired | Inventory number | Total Checkouts | Full call number | Barcode | Date last seen | Copy number | Price effective from | Koha item type | Total Renewals | Date last checked out |
|---|---|---|---|---|---|---|---|---|---|---|---|---|---|---|---|---|---|---|---|
| Non-fiction | Bangladesh University of Business and Technology Library | Bangladesh University of Business and Technology Library | Electronic Engineering Stacks | 04/29/2015 | 20909 | 621.318RAM | BUBTL-200320909 | 01/18/2016 | C-1 | 01/18/2016 | Books | ||||||||
| Non-fiction | Bangladesh University of Business and Technology Library | Bangladesh University of Business and Technology Library | Electronic Engineering Stacks | 04/29/2015 | 20906 | 621.318RAM | BUBTL-200320906 | 01/18/2016 | C-2 | 01/18/2016 | Books | ||||||||
| Non-fiction | Bangladesh University of Business and Technology Library | Bangladesh University of Business and Technology Library | Electronic Engineering Stacks | 04/29/2015 | 20908 | 2 | 621.318RAM | BUBTL-200320908 | 07/18/2022 | C-3 | 01/18/2016 | Books | 2 | 06/15/2022 | |||||
| Non-fiction | Bangladesh University of Business and Technology Library | Bangladesh University of Business and Technology Library | Electronic Engineering Stacks | 04/29/2015 | 20907 | 621.318RAM | BUBTL-200320907 | 01/18/2016 | C-4 | 01/18/2016 | Books | ||||||||
| Non-fiction | Bangladesh University of Business and Technology Library | Bangladesh University of Business and Technology Library | Electronic Engineering Stacks | 04/29/2015 | 20905 | 621.318RAM | BUBTL-200320905 | 01/18/2016 | C-5 | 01/18/2016 | Books |
